Formule 1 - Quiz écurie : Cadillac - Statistiques

Statistiques générales
  • Ce quiz a été pris 56 fois
  • Le résultat moyen est 7 sur 11
Statistiques - réponses
Hint Réponse % Correct
Champion du monde constructeur Nombre de titres 0
100%
Champion du monde pilote Nombre de titres 0
100%
Tous les pilotes Depuis 2026 Valterri Bottas
98%
Histoire Première année de F1 2026
96%
Tous les pilotes Depuis 2026 Sergio Perez
96%
Histoire Pays d'origine États-Unis
87%
Histoire Date de fondation 2025
80%
Histoire Nom Complet (aujourd'hui) Cadillac Formula 1 Team
38%
Histoire Directeur Graeme Lowdon
13%
Histoire Fondateur General Motors
11%
Histoire Président Dan Towriss
4%
Aucun quiz correspondant
Distribution des résultats
% des personnes avec chaque résultat
Percentile par nombre de réponses
Votre historique - résultats
Vous n’avez pas pris ce quiz